| 000 | 01124aam a2200361 4500 | ||
|---|---|---|---|
| 005 | 20230224162051.0 | ||
| 008 | 150310b2008 xxu||||| |||| 00| 0 spa d | ||
| 041 | _aESP | ||
| 082 | _a657.42 H816co12 | ||
| 100 |
_aHorngren, Charles _968436 |
||
| 100 |
_aDatar, Srikant M. _968437 |
||
| 100 |
_aFoster, George _968438 |
||
| 245 | _aContabilidad de costos: un enfoque gerencial | ||
| 250 | _a12 edición. | ||
| 260 |
_aMéxico _bPearson Educación _c2007 |
||
| 300 | _a868 páginas | ||
| 650 |
_aCONTABILIDAD DE COSTOS _968439 |
||
| 650 |
_aCONTADOR _968440 |
||
| 650 |
_aPRESUPUESTO _968441 |
||
| 650 |
_aCOSTOS _968442 |
||
| 650 |
_aINVENTARIO _968443 |
||
| 650 |
_aNEGOCIOS POR INTERNET _968444 |
||
| 650 |
_aPROVEEDORES _968445 |
||
| 650 |
_aRIESGO-RENDIMIENTO _968446 |
||
| 650 |
_aPRESUPUESTO MAESTRO _968447 |
||
| 650 |
_aGASTOS _968448 |
||
| 650 |
_aTOMA DE DECISIONES _968449 |
||
| 650 |
_aBENCHMARKING _968450 |
||
| 650 |
_aMERCADO _968451 |
||
| 692 | _CDAE | ||
| 942 | _cBK | ||
| 999 |
_c2034 _d2034 |
||